|
|
|
|
| LEADER |
00000nbm0a2200000 4500 |
| 001 |
175084 |
| 005 |
20231031165009.0 |
| 029 |
0 |
0 |
|a SU
|b 75041288
|f ТПУ
|
| 035 |
|
|
|a (RuTPU)RU\TPU\book\189849
|
| 035 |
|
|
|a RU\TPU\book\189244
|
| 090 |
|
|
|a 175084
|
| 100 |
|
|
|a 20100209d1977 k y0rusy50 ca
|
| 101 |
0 |
|
|a rus
|
| 102 |
|
|
|a RU
|
| 105 |
|
|
|a a p 001zy
|
| 200 |
1 |
|
|a Подсистема программного контроля и диагностики для АСС-УД
|e Окончательный отчет о НИР
|e Тема: № 10-98/74
|f Томский политехнический институт (ТПИ) ; руководитель В. М. Разин , А. Д. Чередов
|
| 210 |
|
|
|a Томск
|d 1977
|
| 215 |
|
|
|a 69 л.
|
| 320 |
|
|
|a Библиогр.: с. 65 - 66.
|
| 610 |
1 |
|
|a программы
|
| 610 |
1 |
|
|a контроль
|
| 610 |
1 |
|
|a диагностика
|
| 610 |
1 |
|
|a автоматические системы
|
| 610 |
1 |
|
|a классификация
|
| 610 |
1 |
|
|a подсистемы
|
| 610 |
1 |
|
|a ЭВМ
|
| 610 |
1 |
|
|a блоки памяти
|
| 610 |
1 |
|
|a синтез
|
| 610 |
1 |
|
|a алгоритмы
|
| 610 |
1 |
|
|a отчеты о НИР
|
| 675 |
|
|
|a 656.11(04)
|v 3
|
| 702 |
|
1 |
|a Разин
|b В. М.
|c российский ученый
|c профессор кафедры вычислительной техники Томского политехнического университета
|f 1925-
|g Виктор Мартемьянович
|2 stltpush
|3 (RuTPU)RU\TPU\pers\19856
|4 673
|
| 702 |
|
1 |
|a Чередов
|b А. Д.
|4 677
|
| 712 |
0 |
2 |
|a Томский политехнический институт (ТПИ)
|c (1944-1991)
|2 stltpush
|3 (RuTPU)RU\TPU\col\1123
|4 595
|
| 801 |
|
1 |
|a RU
|b 63413507
|c 20100128
|
| 801 |
|
2 |
|a RU
|b 63413507
|c 20100209
|g RCR
|
| 942 |
|
|
|c BK
|